| 000 | 02271nam0a2200337 4500 | ||
|---|---|---|---|
| 001 | RU\NLR\BIBL_A\022536318 | ||
| 005 | 20260420044126.0 | ||
| 010 |
_a978-5-7433-3633-3 _9300 |
||
| 021 |
_aRU _bКН-П-25-014302 _9КН-П-25-1454 |
||
| 035 | _a(NLR Aleph) 022536318 | ||
| 090 |
_a13672224 _c13672224 |
||
| 100 | _a20250506d2024 u y0rusy50 ca | ||
| 101 | 0 | _arus | |
| 102 | _aRU | ||
| 105 | _aa j 000yy | ||
| 181 | 0 |
_ai3 _baxxe |
|
| 182 | 0 | _an | |
| 200 | 1 |
_aПрикладные аспекты теории графов _eучебное пособие для студентов направлений "Информационные системы и технологии", "Прикладная информатика", "Программная инженерия", "Информатика и вычислительная техника" _fВ. В. Печенкин, М. С. Королёв, Л. В. Дороднова, Е. Ю. Каликинская _gМинистерство науки и высшего образования Российской Федерации, Саратовский государственный технический университет имени Гагарина Ю. А. |
|
| 203 |
_aТекст _bвизуальный _cнепосредственный |
||
| 210 |
_aСаратов _cСаратовский государственный технический университет имени Гагарина Ю. А. _d2024 |
||
| 215 |
_a90, [1] с. _cил., табл. _d21 |
||
| 606 | 1 |
_aГрафов теория _jУчебные издания для высших учебных заведений _xАлгоритмические задачи _92446268 _3RU\NLR\AUTH\6601672561 |
|
| 686 | 1 | _aВ182.1я73-1 | |
| 701 | 1 |
_aПеченкин _bВ. В. _gВиталий Владимирович |
|
| 701 | 1 |
_7ca _8rus _aКоролёв _bМ. С. _cканд. техн. наук, защита информации _gМихаил Сергеевич _9248474 _3RU\NLR\AUTH\770248530 |
|
| 701 | 1 |
_aДороднова _bЛ. В. _gЛилия Владимировна |
|
| 701 | 1 |
_aКаликинская _bЕ. Ю. _gЕлена Юрьевна |
|
| 942 | _cBOOK | ||
| 980 | _aNB | ||